<?xml version="1.0" encoding="UTF-8"?>
<record
    xmlns:xsi="http://www.w3.org/2001/XMLSchema-instance"
    xsi:schemaLocation="http://www.loc.gov/MARC21/slim http://www.loc.gov/standards/marcxml/schema/MARC21slim.xsd"
    xmlns="http://www.loc.gov/MARC21/slim">

  <leader>02752nam a2200433Ia 4500</leader>
  <controlfield tag="001">dia_4499</controlfield>
  <controlfield tag="003">CHAP</controlfield>
  <controlfield tag="005">20230525121219.0</controlfield>
  <controlfield tag="007">ta</controlfield>
  <controlfield tag="008">220117s2000    mduado fr     001 0 eng d</controlfield>
  <datafield tag="010" ind1=" " ind2=" ">
    <subfield code="a">175160</subfield>
  </datafield>
  <datafield tag="020" ind1=" " ind2=" ">
    <subfield code="a">0-8342-1260-9</subfield>
  </datafield>
  <datafield tag="040" ind1=" " ind2=" ">
    <subfield code="c">CHAP</subfield>
    <subfield code="a">mxchpua</subfield>
  </datafield>
  <datafield tag="050" ind1="1" ind2="0">
    <subfield code="a">SF271</subfield>
    <subfield code="b">.F69 2000</subfield>
  </datafield>
  <datafield tag="082" ind1="0" ind2="0">
    <subfield code="a">637.3 </subfield>
    <subfield code="b">F69 2000</subfield>
    <subfield code="2">20</subfield>
  </datafield>
  <datafield tag="245" ind1="1" ind2="0">
    <subfield code="a">Fundamentals of cheese science /</subfield>
    <subfield code="c">Patrick F. Fox...[y otros]</subfield>
  </datafield>
  <datafield tag="250" ind1=" " ind2=" ">
    <subfield code="a">1a edici&#xF3;n</subfield>
  </datafield>
  <datafield tag="264" ind1=" " ind2=" ">
    <subfield code="a">Maryland, Unites States of America :</subfield>
    <subfield code="b">Aspen Publishers,</subfield>
    <subfield code="c">2000</subfield>
  </datafield>
  <datafield tag="300" ind1=" " ind2=" ">
    <subfield code="a">ix, 587 p&#xE1;ginas :</subfield>
    <subfield code="b">ilustraciones, gr&#xE1;ficas, diagramas, tablas, fotos</subfield>
  </datafield>
  <datafield tag="504" ind1=" " ind2=" ">
    <subfield code="a">Incluye bibliograf&#xED;as</subfield>
  </datafield>
  <datafield tag="505" ind1="0" ind2=" ">
    <subfield code="a">Cheese: Historical Aspects --
Overview of Cheese Manufacture --
Principal Families of Cheese --
Chemistry of Milk Constituents --
Bacteriology of Cheese Milk --
Starter Cultures --
Enzymatic Coagulation of Milk --
Post-Coagulation Treatment of the Renneted-Milk Gel --
Salting of Cheese Curd --
Cheese Yield --
Microbiology of Cheese Ripening --
Biochemistry of Cheese Ripening --
Cheese Flavour --
Cheese: Structure, Rheology and Texture --
Factors that Affect Cheese Quality --
Fresh Cheese Products: Principals of Manufacture and Overview of Different Varieties --
Processed Cheese and Substitute/Imitation Cheese Products --
Cheese as an Ingredient --
Pathogens in Cheese and Foodborne Illnesses --
Nutritional Aspects of Cheese --
Current Legislation on Cheese --
Whey and Whey Products --</subfield>
  </datafield>
  <datafield tag="520" ind1="2" ind2=" ">
    <subfield code="a">This book provides comprehensive coverage of the scientific aspects of cheese, emphasizing fundamental principles. The book's updated 22 chapters cover the chemistry and microbiology of milk for cheesemaking, starter cultures, coagulation of milk by enzymes or by acidification, the microbiology and biochemistry of cheese ripening, the flavor and rheology of cheese, processed cheese, cheese as a food ingredient, public health and nutritional aspects of cheese, and various methods used for the analysis of cheese. The book contains copious references to other texts and review articles.</subfield>
  </datafield>
  <datafield tag="650" ind1="1" ind2="3">
    <subfield code="a">Quesos</subfield>
    <subfield code="9">142512</subfield>
  </datafield>
  <datafield tag="650" ind1="1" ind2="3">
    <subfield code="a">Fabricaci&#xF3;n de queso</subfield>
    <subfield code="9">142991</subfield>
  </datafield>
  <datafield tag="650" ind1="1" ind2="3">
    <subfield code="a">Calidad del queso</subfield>
    <subfield code="9">185388</subfield>
  </datafield>
  <datafield tag="650" ind1="1" ind2="3">
    <subfield code="a">Grados de queso</subfield>
    <subfield code="9">187196</subfield>
  </datafield>
  <datafield tag="650" ind1="1" ind2="3">
    <subfield code="a">Cheeses  </subfield>
    <subfield code="9">148387</subfield>
  </datafield>
  <datafield tag="650" ind1="1" ind2="3">
    <subfield code="a">Cheese making  </subfield>
    <subfield code="9">156636</subfield>
  </datafield>
  <datafield tag="650" ind1="1" ind2="3">
    <subfield code="a">Cheese quality</subfield>
    <subfield code="9">185390</subfield>
  </datafield>
  <datafield tag="650" ind1="1" ind2="3">
    <subfield code="a">Cheese grades</subfield>
    <subfield code="9">187197</subfield>
  </datafield>
  <datafield tag="700" ind1="1" ind2=" ">
    <subfield code="9">156045</subfield>
    <subfield code="a">Fox, Patrick F.</subfield>
    <subfield code="e">autor</subfield>
  </datafield>
  <datafield tag="700" ind1="1" ind2=" ">
    <subfield code="9">187198</subfield>
    <subfield code="a">Guinee, Timothy P.</subfield>
    <subfield code="e">autor</subfield>
  </datafield>
  <datafield tag="700" ind1="1" ind2=" ">
    <subfield code="9">187199</subfield>
    <subfield code="a">Cogan, Timothy M.</subfield>
    <subfield code="e">autor</subfield>
  </datafield>
  <datafield tag="700" ind1="1" ind2=" ">
    <subfield code="9">187201</subfield>
    <subfield code="a">McSweeney, Paul L. H.</subfield>
    <subfield code="e">autor</subfield>
  </datafield>
  <datafield tag="901" ind1=" " ind2=" ">
    <subfield code="a">637.3 F69 2000</subfield>
  </datafield>
  <datafield tag="902" ind1=" " ind2=" ">
    <subfield code="a">M</subfield>
  </datafield>
  <datafield tag="905" ind1=" " ind2=" ">
    <subfield code="a">000000               2000              A   0000000000ENG00</subfield>
  </datafield>
  <datafield tag="942" ind1=" " ind2=" ">
    <subfield code="c">LIBRO</subfield>
    <subfield code="2">ddc</subfield>
  </datafield>
  <datafield tag="999" ind1=" " ind2=" ">
    <subfield code="c">175160</subfield>
    <subfield code="d">175160</subfield>
  </datafield>
  <datafield tag="952" ind1=" " ind2=" ">
    <subfield code="0">0</subfield>
    <subfield code="1">0</subfield>
    <subfield code="2">ddc</subfield>
    <subfield code="4">0</subfield>
    <subfield code="5">1</subfield>
    <subfield code="7">0</subfield>
    <subfield code="8">GRAL</subfield>
    <subfield code="a">IA_</subfield>
    <subfield code="b">IA_</subfield>
    <subfield code="d">2009-07-01</subfield>
    <subfield code="e">Compra </subfield>
    <subfield code="i">248056</subfield>
    <subfield code="l">3</subfield>
    <subfield code="o">637.3  F69 2000</subfield>
    <subfield code="p">1102006291</subfield>
    <subfield code="r">2026-01-26 17:18:04</subfield>
    <subfield code="s">2026-01-26</subfield>
    <subfield code="t">Ej. 1</subfield>
    <subfield code="w">2022-01-18</subfield>
    <subfield code="y">LIBRO</subfield>
  </datafield>
</record>
